| 000 | 00950nam a2200205 i 4500 | ||
|---|---|---|---|
| 001 | 183623 | ||
| 003 | ES-MaACL | ||
| 005 | 20230906221932.0 | ||
| 008 | 140905s1883 sp |||| | spa d | ||
| 245 | 0 | 0 | _aBreve idea de la constitución geológica de España presentada por la Comisión del Mapa Geológico en la Exposición de Minería celebrada en Madrid en 1883. |
| 260 |
_aMadrid : _bManuel Tello, _c1883. |
||
| 300 |
_a20 p. ; _c26 cm. |
||
| 530 | _aDisponible en formato digital. | ||
| 650 | 4 |
_aGeología- _zEspaña. _9138819 |
|
| 710 | 2 |
_aComisión del Mapa Geológico de España. _93030 |
|
| 711 | 2 |
_aExposición Nacional de Minería, Artes Metalúrgicas, Cerámica, Cristalería y Aguas Minerales ( _d1883. _cMadrid) _9707 |
|
| 852 |
_aES-MaACL _jT-1107-F-4 _z.- Legado de Federico de Botella y de Hornos |
||
| 852 |
_aES-MaACL _jT-515-F-2 |
||
| 856 |
_uhttp://bdh-rd.bne.es/viewer.vm?id=0000077381&page=1 _zBiblioteca Digital Hispánica |
||
| 999 |
_c183623 _d183623 |
||